00579 2200205 4500001002100000005001700021008004100038020002200079035002500101082001100126090002100137100001900158245006900177250001000246260002700256300003500283650002100318850001200339990002200351YOGYA-0712000000057120151015141931.0 ind  a978-979-29-1989-9 a0010-071200000000571 a372.55 aDEP 372.55 Igr A aIGREA SISWANTO aAsyiknya bermain plastisin untuk sekolah minggu / Igrea Siswanto aCet.1 aYogyakartabAndic2011 aVII, 59 hlm. :bilus. ;c28 cm aKerajinan Tangan aYOPDYOG aCB-D.11-2011-1882